00451 2200157 4500001002100000008004100021035002000062245005800082100002000140260004500160300002700205020002200232084001600254082001100270990001200281INLIS000000000001416 Ind  a0010-0924000013 aEnsiklopedia Desa Jasa dan PerdaganancDeden M. Sahid aSahid, Deden M. aJakartabPT. Educarindo Compumediac2016 a136 hlm.c17,5 x 25 cm a978-979-3901-85-5 a380.03DED e a380.03 a0750917